|
|
|
|
| LEADER |
01213ppm a22003738a 4500 |
| 001 |
00031829 |
| 005 |
20171026081025.0 |
| 008 |
140225s2010 ||||||viesd |
| 041 |
0 |
# |
|a vie
|
| 082 |
1 |
4 |
|b I310SP
|a 428
|
| 100 |
0 |
# |
|a Dinh, Nguyet Hang
|
| 245 |
1 |
0 |
|b B.A Thesis. Major: English. Degree: Bachelor of Art
|c Dinh Nguyet Hang, Nguyen Thi Hanh; Tran Thi Hien (supervisor)
|a Improving speaking skills of 11th graders at Thong Linh High School- problems and solutions
|
| 260 |
# |
# |
|a Dong Thap
|b Dong Thap University
|c 2010
|
| 300 |
# |
# |
|c 30 cm.
|e 1 summary of B.A Thesis
|a 52 p.
|
| 500 |
# |
# |
|a ĐTTTS ghi: Ministry of Education and Training. Dong thap University
|
| 653 |
# |
# |
|a Học sinh
|
| 653 |
# |
# |
|a Dạy học
|
| 653 |
# |
# |
|a Kỹ năng nói
|
| 653 |
# |
# |
|a Trung học phổ thông
|
| 653 |
# |
# |
|a Tiếng Anh
|
| 653 |
# |
# |
|a Thống Linh
|
| 653 |
# |
# |
|a Lớp 11
|
| 700 |
1 |
# |
|a Nguyen, Thi Hanh
|
| 700 |
1 |
# |
|a Tran, Thi Hien
|e Supervisor
|
| 852 |
# |
# |
|j KD.0015601
|
| 852 |
# |
# |
|b Kho đọc
|j KD.0015601
|
| 910 |
0 |
# |
|d 06/03/2014
|
| 980 |
# |
# |
|a Trung tâm Học liệu Lê Vũ Hùng, Trường Đại học Đồng Tháp
|